Statistics for 300 Biggest U.S. Cities (2023 estimates)

Click here to take the quiz!

General Stats

  • This quiz has been taken 302 times
    (253 since last reset)
  • The average score is 204 of 300

Answer Stats

#PopulationStateCity% Correct
23,769,485CaliforniaLos Angeles
96%
91,259,404TexasDallas
95%
42,264,876TexasHouston
95%
17,888,121New YorkNew York City
95%
32,608,425IllinoisChicago
94%
23653,843NevadaLas Vegas
94%
51,651,344ArizonaPhoenix
94%
39490,270GeorgiaAtlanta
93%
10966,292TexasAustin
93%
29617,459MassachusettsBoston
93%
117202,957GeorgiaColumbus
93%
14907,865OhioColumbus
93%
19699,288ColoradoDenver
93%
16871,449IndianaIndianapolis
93%
188143,776MississippiJackson
93%
61,527,886PennsylvaniaPhiladelphia
93%
28619,286OregonPortland
93%
81,374,076CaliforniaSan Diego
93%
18715,717CaliforniaSan Francisco
93%
17725,487WashingtonSeattle
93%
11962,970FloridaJacksonville
92%
44435,919FloridaMiami
92%
22658,525TennesseeNashville
92%
15885,663North CarolinaCharlotte
91%
21678,049TexasEl Paso
91%
20697,763OklahomaOklahoma City
91%
71,479,493TexasSan Antonio
91%
30563,455MarylandBaltimore
90%
12961,885TexasFort Worth
90%
56337,088HawaiiHonolulu
90%
118202,272UtahSalt Lake City
90%
13930,862CaliforniaSan Jose
90%
50393,294FloridaTampa
90%
54360,040OhioCleveland
89%
27621,193MichiganDetroit
89%
25621,777TennesseeMemphis
89%
46418,075MinnesotaMinneapolis
89%
40479,655NebraskaOmaha
89%
78278,577NevadaReno
89%
24631,693N/AWashington
89%
88252,274North CarolinaWinston-Salem
89%
105217,655LouisianaBaton Rouge
88%
93240,713IdahoBoise
88%
171151,208KansasKansas City
88%
37509,319MissouriKansas City
88%
26621,764KentuckyLouisville
88%
143181,620OregonSalem
88%
48408,956OklahomaTulsa
88%
31558,523New MexicoAlbuquerque
87%
132192,557AlabamaBirmingham
87%
38491,530ColoradoColorado Springs
87%
41472,540North CarolinaRaleigh
87%
35528,306CaliforniaSacramento
87%
168153,267MassachusettsSpringfield
87%
153169,920MissouriSpringfield
87%
271111,711IllinoisSpringfield
87%
74283,154AlaskaAnchorage
86%
32555,640WisconsinMilwaukee
86%
53364,659LouisianaNew Orleans
86%
64312,280FloridaOrlando
86%
76279,390MissouriSt. Louis
86%
34546,019ArizonaTucson
86%
64306,592OhioCincinnati
85%
113208,734IowaDes Moines
85%
69295,222NebraskaLincoln
85%
125198,631FloridaTallahassee
85%
82268,578New JerseyJersey City
84%
60320,576KentuckyLexington
84%
65301,055New JerseyNewark
84%
68295,793PennsylvaniaPittsburgh
84%
98226,472VirginiaRichmond
84%
258114,450CaliforniaRichmond
84%
116203,287South DakotaSioux Falls
84%
66299,830MinnesotaSt. Paul
84%
42454,289VirginiaVirginia Beach
84%
51392,878KansasWichita
84%
79274,618New YorkBuffalo
83%
121201,029ArkansasLittle Rock
83%
52390,399TexasArlington
82%
126196,823TennesseeKnoxville
82%
80269,897WisconsinMadison
82%
232121,603MinnesotaRochester
82%
111209,934New YorkRochester
82%
33549,242CaliforniaFresno
81%
140182,068AlabamaMobile
81%
70295,097NevadaNorth Las Vegas
81%
135188,877Rhode IslandProvidence
81%
96229,513WashingtonSpokane
81%
170153,040South CarolinaCharleston
80%
216128,879MissouriColumbia
80%
198137,996South CarolinaColumbia
80%
61317,615TexasCorpus Christi
80%
240119,817ConnecticutHartford
80%
128196,010AlabamaMontgomery
80%
148177,108IllinoisAurora
79%
49394,941ColoradoAurora
79%
150175,685OregonEugene
79%
81269,621IndianaFort Wayne
79%
57328,516NevadaHenderson
79%
36516,783ArizonaMesa
79%
45422,994CaliforniaOakland
79%
84265,468OhioToledo
79%
225125,353KansasTopeka
79%
55343,654CaliforniaAnaheim
78%
67299,175North CarolinaGreensboro
78%
99223,044CaliforniaSan Bernardino
78%
181145,870GeorgiaSavannah
78%
123199,894GeorgiaAugusta
77%
138183,095TennesseeChattanooga
77%
203136,598OhioDayton
77%
72287,794North CarolinaDurham
77%
145179,447FloridaFort Lauderdale
77%
101220,854AlabamaHuntsville
77%
43439,153CaliforniaLong Beach
77%
59322,538CaliforniaRiverside
77%
119201,910TexasAmarillo
76%
47416,175CaliforniaBakersfield
76%
63308,549CaliforniaSanta Ana
76%
186144,261New YorkSyracuse
76%
89251,305ArizonaGlendale
75%
137184,906CaliforniaGlendale
75%
91244,402ArizonaScottsdale
75%
86257,290FloridaSt. Petersburg
75%
136187,724OhioAkron
74%
129195,911MichiganGrand Rapids
74%
85257,795TexasLaredo
74%
83267,329TexasLubbock
74%
192142,241TexasWaco
74%
176148,457ConnecticutBridgeport
73%
112209,182North CarolinaFayetteville
73%
62314,384CaliforniaIrvine
73%
95230,163VirginiaNorfolk
73%
147177,562LouisianaShreveport
73%
104218,849WashingtonTacoma
73%
283109,411TexasAllen
72%
244118,288MontanaBillings
72%
219128,557North DakotaFargo
72%
71291,490TexasPlano
72%
115205,272MassachusettsWorcester
72%
77278,734CaliforniaChula Vista
71%
235121,322LouisianaLafayette
71%
269112,460MichiganLansing
71%
58324,888CaliforniaStockton
71%
114206,680New YorkYonkers
71%
73283,301ArizonaChandler
70%
282109,447IllinoisPeoria
70%
122200,916ArizonaPeoria
70%
134189,987TexasBrownsville
69%
87254,479VirginiaChesapeake
69%
155167,554ColoradoFort Collins
69%
212130,935CaliforniaPasadena
69%
190143,330TexasPasadena
69%
130194,384WashingtonVancouver
69%
97227,528TexasFrisco
68%
90248,931TexasIrving
68%
103219,396CaliforniaModesto
68%
141181,958VirginiaNewport News
67%
107217,003CaliforniaSanta Clarita
67%
133190,889ArizonaTempe
67%
223125,890PennsylvaniaAllentown
66%
193141,341FloridaGainesville
66%
75281,169ArizonaGilbert
66%
172150,989FloridaHollywood
66%
253115,678New HampshireManchester
66%
201137,339ConnecticutNew Haven
66%
206134,475CaliforniaOrange
66%
207134,266IowaCedar Rapids
65%
177147,118TexasMcAllen
65%
139182,069CaliforniaOntario
65%
127196,147KansasOverland Park
65%
120201,155CaliforniaOxnard
65%
92240,777FloridaPort St. Lucie
65%
151175,065CaliforniaSanta Rosa
65%
180146,284VirginiaAlexandria
64%
100221,997FloridaCape Coral
64%
146178,602TennesseeClarksville
64%
272111,659North CarolinaConcord
64%
231121,899CaliforniaConcord
64%
102219,419CaliforniaFremont
64%
94235,293TexasGarland
64%
295106,817WisconsinGreen Bay
64%
106217,201FloridaHialeah
64%
110214,302TexasMcKinney
63%
175148,754IllinoisNaperville
63%
108216,456CaliforniaMoreno Valley
62%
256114,957IndianaEvansville
61%
131192,605CaliforniaHuntington Beach
61%
157166,218TennesseeMurfreesboro
61%
167154,494New JerseyPaterson
61%
222126,603CaliforniaSanta Clara
61%
238120,625North CarolinaWilmington
61%
241119,570MichiganAnn Arbor
60%
185144,755WashingtonBellevue
60%
162160,564TexasDenton
60%
209132,570New JerseyElizabeth
60%
158164,853CaliforniaLancaster
60%
182145,716IllinoisRockford
60%
144180,227North CarolinaCary
59%
124199,395TexasGrand Prairie
59%
196138,985VirginiaHampton
59%
254115,303New MexicoLas Cruces
59%
218128,579TexasMidland
59%
152170,713CaliforniaOceanside
59%
228123,977CaliforniaThousand Oaks
59%
245117,500FloridaWest Palm Beach
59%
202136,938UtahWest Valley City
59%
220127,793GeorgiaAthens
58%
109214,718CaliforniaFontana
58%
178146,297KansasOlathe
58%
165158,943CaliforniaPalmdale
58%
260114,156UtahProvo
58%
266112,868ColoradoPueblo
58%
250115,881MassachusettsCambridge
57%
160162,900TexasKilleen
57%
166157,533ColoradoLakewood
57%
215129,663OklahomaNorman
57%
156166,255FloridaPembroke Pines
57%
149176,288CaliforniaRancho Cucamonga
57%
169153,160CaliforniaHayward
56%
161161,585CaliforniaSalinas
56%
163159,229ArizonaSurprise
56%
226125,302TexasAbilene
55%
159164,179CaliforniaCorona
55%
142181,758CaliforniaElk Grove
55%
173150,718IllinoisJoliet
55%
199137,566ConnecticutStamford
55%
174149,482CaliforniaEscondido
54%
284109,326CaliforniaSanta Maria
54%
205136,153MichiganWarren
54%
267112,643CaliforniaBerkeley
53%
247117,082IdahoNampa
53%
210131,523MichiganSterling Heights
53%
189143,502ColoradoThornton
53%
239120,427MissouriIndependence
52%
291107,891TexasOdessa
52%
191142,912CaliforniaPomona
52%
200137,465CaliforniaTorrance
52%
195139,311CaliforniaFullerton
51%
154167,837CaliforniaGarden Grove
51%
164159,078CaliforniaRoseville
51%
184145,302CaliforniaSunnyvale
51%
236121,083OklahomaBroken Arrow
50%
233121,380FloridaLakeland
50%
187143,792TexasMesquite
50%
237120,949South CarolinaNorth Charleston
50%
183145,306CaliforniaVisalia
50%
275111,153ColoradoWestminster
50%
208132,935TexasCarrollton
49%
249115,933FloridaClearwater
49%
255115,262UtahWest Jordan
49%
211131,320WashingtonKent
48%
194139,422IdahoMeridian
48%
277110,432FloridaMiami Gardens
48%
287109,060New MexicoRio Rancho
48%
213130,919TexasRound Rock
48%
227125,196CaliforniaSimi Valley
48%
197138,399CaliforniaVictorville
48%
263113,118ConnecticutWaterbury
48%
229123,328TexasCollege Station
47%
204136,496FloridaMiramar
47%
230123,001CaliforniaVallejo
47%
234121,378ColoradoArvada
46%
285109,264TexasBeaumont
46%
214130,445FloridaCoral Springs
46%
274111,158NevadaSparks
46%
288108,955CaliforniaVentura
46%
293107,305OregonBend
45%
268112,504IllinoisElgin
45%
276110,576WashingtonEverett
45%
224125,728TexasPearland
44%
279110,122FloridaPompano Beach
44%
281109,666TexasTyler
44%
257114,475North CarolinaHigh Point
43%
261113,884CaliforniaAntioch
42%
252115,761CaliforniaCarlsbad
42%
298105,988MichiganDeerborn
42%
280110,097OregonGresham
42%
273111,496MassachusettsLowell
42%
217128,655FloridaPalm Bay
42%
278110,291WashingtonSpokane Valley
42%
296106,622TexasSugar Land
42%
299105,260FloridaFort Myers
41%
242119,461CaliforniaFairfield
40%
286109,193ColoradoGreeley
40%
259114,170TexasLewisville
40%
265112,986ArizonaGoodyear
39%
297106,058OregonHillsboro
39%
262113,613TexasRichardson
39%
270112,382CaliforniaTemecula
39%
294106,859CaliforniaDowney
37%
290108,535UtahSt. George
37%
221127,753CaliforniaClovis
36%
246117,434TexasLeague City
36%
300105,223GeorgiaSandy Springs
36%
289108,829CaliforniaCosta Mesa
34%
248116,344CaliforniaMurrieta
33%
243119,434ArizonaBuckeye
32%
251115,851TexasNew Braunfels
29%
292107,552TexasEdinburg
28%
264113,045CaliforniaMenifee
19%

Score Distribution

Percentile by Number Answered

Percent of People with Each Score

Your Score History

You have not taken this quiz since the last reset